000 00571nam a2200217Ia 4500
003 OSt
005 20221007072556.0
006 a|||||r|||| 00| 0
007 ta
008 221006b |||||||| |||| 00| 0 eng d
024 _a25,137
037 _cTextual
040 _aFLL
_cFLL
_beng
041 _2eng
_aeng
082 _aZ3:805, L6-1
245 0 _aArchbold pleading, evidence & practice in criminal cases
250 _a38th
260 _aLondon
_bSweet & Maxwell London
_c1976
942 _hZ3:805, L6-1
_cTEXL
_2CC
999 _c1146458
_d1146458